000 00865nam a22002297a 4500
999 _c20385
_d20385
003 AR-CdUCM
008 190529b ||||| |||| 00| 0 spa d
040 _aMUNICIPALIDAD PROVINCIAL DEL CUSCO
_cBIBLIOTECA MUNICIPAL DEL CUSCO
082 _a674 /
_bH73
100 _aHoner, Heinrich
_942634
245 _aAlrededor del trabajo de la madera :
_bUn estudio completo del trabajo de la madera mediante máquinas /
260 _aMéxico :
_bReverte,
_c1957.
300 _a236 páginas ;
_bImágenes, gráficos
_c24 cm.
505 _aContenido : Trozando -- Distribución y aprovechamiento del material bruto -- Canteado -- Aplanado -- Cortar a anchura...
650 _aEnsambladuras
_942635
650 _aMáquinas
_920333
650 _aHerramientas
_942636
650 _aDistribución
_99068
650 _aMoldurado
_942637
942 _2ddc
_cFOLLETOS
945 _arcc